000 00679cam a2200205 i 4500
001 15674015
005 20240220005157.0
008 090326s2009 ce b 000 0 eng
020 _a9789555801195
040 _aDLC
_beng
_cDLC
_dDLC
_erda
082 _222
_a320.94.
_bMIS.
100 1 _aRainford, Charan.
245 1 0 _aMistaking politics for governance :
_bthe politics of interim arrangements in Sri Lanka, 2002-2005 /
_cCharan Rainford and Ambika Satkunanathan.
250 _a1st,
260 _aColombo :
_bInternational Centre for Ethnic Studies,
_c2009.
300 _aiv, 198 pages ;
650 0 _aCoalition governments
700 1 _aSatkunanathan, Ambika.
_eedt
942 _cL
999 _c430
_d430